00943cam a22002897a 45000010005000000030006000050050017000110080041000280100017000690200031000860200030001170400023001470500015001700820009001851000026001942450046002202600031002663000047002974900041003445000044003855050007004295200150004365210009005865210018005955210018006136500022006316790FISKH20250528120243.0090320s2009 nyua 000 0 eng  a 2009925074 a9780060835545 (trade bdg.) a9780060835538 (lib. bdg.) aDLCcDLCdDLCbeng aPZ7.M462 G a813 1 aMayer, Mercer,d1943-10aGoing to the sea park /cby Mercer Mayer. aNew York :bHarper,c2009. a32 pages : bcolor illustrations ; c23 cm0 aI can read! My first, shared reading a"Mercer Mayer's Little critter"--Cover. aG  a"Little Critter and his classmates are taking a trip to the Sea Park, join Little Critter as he learns about exciting and strange sea creatures. 8 a330 8 a330 bLexile 8 aG bRaz-Plus  aAquarium vOcean